Talé y el secreto de la laguna / (Record no. 18106)

MARC details
000 -LEADER
fixed length control field 00801nam a22002417a 4500
001 - CONTROL NUMBER
control field sjds170119
003 - CONTROL NUMBER IDENTIFIER
control field sjds
005 - DATE AND TIME OF LATEST TRANSACTION
control field 20170705160211.0
008 - FIXED-LENGTH DATA ELEMENTS--GENERAL INFORMATION
fixed length control field 170705b mx||||| |||| 00| 0 spa d
020 ## - INTERNATIONAL STANDARD BOOK NUMBER
International Standard Book Number 9789707902015 (pbk.)
040 ## - CATALOGING SOURCE
Transcribing agency sjds
041 ## - LANGUAGE CODE
Language code of text/sound track or separate title spa
082 ## - DEWEY DECIMAL CLASSIFICATION NUMBER
Classification number 398.2
100 1# - MAIN ENTRY--PERSONAL NAME
Personal name Benatar, Raquel
245 ## - TITLE STATEMENT
Title Talé y el secreto de la laguna /
Statement of responsibility, etc. adaptación de Raquel Benatar ; il. Adrián Rubio.
260 ## - PUBLICATION, DISTRIBUTION, ETC. (IMPRINT)
Place of publication, distribution, etc. México : SEP :
Name of publisher, distributor, etc. Comisión Nacional de Libros de Texto Gratuitos :
-- McGraw-Hill Interamericana,
Date of publication, distribution, etc. 2005.
300 ## - PHYSICAL DESCRIPTION
Extent 31 p. :
Other physical details il. color ;
Dimensions 21 x 27 cm.
440 ## - SERIES STATEMENT/ADDED ENTRY--TITLE
Title Libros del rincón., Al sol solito
500 ## - GENERAL NOTE
General note "Hacia un país de lectores."
700 1# - ADDED ENTRY--PERSONAL NAME
Personal name Rubio, Adrián
710 2# - ADDED ENTRY--CORPORATE NAME
Corporate name or jurisdiction name as entry element México.
Subordinate unit Secretaría de Educación Pública.
942 ## - ADDED ENTRY ELEMENTS (KOHA)
Source of classification or shelving scheme Dewey Decimal Classification
Koha item type Libro/Book
Holdings
Withdrawn status Lost status Damaged status Not for loan Home library Current library Date acquired Total Checkouts Full call number Barcode Date last seen Date checked out Price effective from Koha item type
        Zaragoza -- Satellite Zaragoza 05/07/2017 1 398.2 35501568 27/04/2024 21/02/2024 05/07/2017 Libro/Book

Powered by Koha